|
|
|
|
| LEADER |
01439nab#a2200409#ar4500 |
| 001 |
000090488 |
| 003 |
SVKKK |
| 005 |
20080721110028.0 |
| 008 |
080218d1904 xo |||||||||||||||b|hun |
| FMT |
|
|
|
| 038 |
|
|
|a SVKKK
|
| 040 |
|
|
|a SVKKK
|b slo
|e AACR2
|
| 041 |
0 |
|
|a hun
|
| 044 |
|
|
|a xo
|c SK
|
| 080 |
|
|
|a 821.511.141-1
|x 437.67
|2 1997
|
| 080 |
|
|
|a 929 Szemere, Emil
|2 1997
|
| 100 |
1 |
|
|a Szemere, Emil
|d 1848-1907
|4 aut
|
| 242 |
1 |
0 |
|a Ku Kláre Kűry
|c Emil Szemere
|y slo
|
| 245 |
1 |
0 |
|a Kűry Klárához
|c Emil Szemere
|
| 500 |
|
|
|a Popis z mikrofilmu
|
| 500 |
|
|
|a Dohľadané údaje viď.: Szinyei, J.: Magyar írók élete és munkái-
|
| 520 |
2 |
|
|a Báseň z pera regionálneho autora, statkára z Veľkých Ozoroviec dedikovanáspeváčke a herečke
|
| 650 |
0 |
4 |
|a básne
|x literaúra maďarská
|
| 650 |
2 |
4 |
|a báseň dedikačná
|x literatúra maďarská
|
| 600 |
1 |
4 |
|a Szemere, Emil
|c Szemerei
|d 1848-1907
|x statkár, publicista
|z Lastomír (Slovensko)
|x rodák
|z Kežmarok (Slovensko)
|x štúdium
|z Veľké Ozorovce (Slovensko)
|x pôsobenie
|
| 655 |
|
4 |
|a hungariká
|
| 773 |
0 |
|
|t Felsőmagyarországi Hirlap : Politikai ujság
|g Roč. 7, č. 86 (02.11.1904), s. 2
|
| 957 |
|
|
|a Veľké Ozorovce
|
| 957 |
|
|
|a Lastomír
|
| 958 |
|
|
|a DG
|
| 958 |
|
|
|a HU
|
| 992 |
|
|
|a RBX
|
| 997 |
|
|
|a Szemere Szemerei, Emil
|d Nagyazar p. Veľké Ozorovce
|4 aut
|
| 997 |
|
|
|d Lasztomér p. Lastomír
|
| BAS |
|
|
|
| 852 |
|
|
|a SVKKK
|b BIB
|
| 998 |
|
|
|a RETRO
|